00338nam a2200145Ia 450000500170000000800460001703700120006304000200007504100130009508400230010824500140013124500290014526000090017430000090018320250508151712.0008 250505s9999 xx 000 0 eng d aTextual aFEDLbengcFEDL aeng2eng a372.891, WORqFEDL 4aThe congo 0cWorld Georgraphy Readers c1954 a32p.